000 00275nam a22001217a 4500
008 181025b xxu||||| |||| 00| 0 eng d
041 _aeng
080 _a370
100 _a47
101 _aEDU
245 _aEveryones An Autors With Readings
_cMoss.B.J
942 _2udc
_cBK
999 _c50884
_d50884